<?xml version="1.0" encoding="UTF-8"?><?xml-stylesheet type="text/xsl" href="static/style.xsl"?><OAI-PMH xmlns="http://www.openarchives.org/OAI/2.0/" xmlns:xsi="http://www.w3.org/2001/XMLSchema-instance" xsi:schemaLocation="http://www.openarchives.org/OAI/2.0/ http://www.openarchives.org/OAI/2.0/OAI-PMH.xsd"><responseDate>2026-04-14T07:29:38Z</responseDate><request verb="GetRecord" identifier="oai:www.recercat.cat:10230/52342" metadataPrefix="marc">https://recercat.cat/oai/request</request><GetRecord><record><header><identifier>oai:recercat.cat:10230/52342</identifier><datestamp>2025-12-21T20:48:00Z</datestamp><setSpec>com_2072_6</setSpec><setSpec>col_2072_452954</setSpec></header><metadata><record xmlns="http://www.loc.gov/MARC21/slim" xmlns:dcterms="http://purl.org/dc/terms/" xmlns:xsi="http://www.w3.org/2001/XMLSchema-instance" xmlns:doc="http://www.lyncode.com/xoai" xsi:schemaLocation="http://www.loc.gov/MARC21/slim http://www.loc.gov/standards/marcxml/schema/MARC21slim.xsd">
   <leader>00925njm 22002777a 4500</leader>
   <datafield ind2=" " ind1=" " tag="042">
      <subfield code="a">dc</subfield>
   </datafield>
   <datafield ind2=" " ind1=" " tag="720">
      <subfield code="a">García Sánchez, Paula</subfield>
      <subfield code="e">author</subfield>
   </datafield>
   <datafield ind2=" " ind1=" " tag="260">
      <subfield code="c">2022-01-27T11:13:59Z</subfield>
   </datafield>
   <datafield ind2=" " ind1=" " tag="260">
      <subfield code="c">2022-01-27T11:13:59Z</subfield>
   </datafield>
   <datafield ind2=" " ind1=" " tag="260">
      <subfield code="c">2021-07</subfield>
   </datafield>
   <datafield ind2=" " ind1=" " tag="520">
      <subfield code="a">Memòria del treball de Fi de Grau en Negocis i Màrqueting Internacionals (ESCI). Curs 2020-2021</subfield>
   </datafield>
   <datafield ind2=" " ind1=" " tag="520">
      <subfield code="a">Tutora: Anna Lázaro Bracons</subfield>
   </datafield>
   <datafield ind2=" " ind1=" " tag="520">
      <subfield code="a">L&amp;apos;afectació de la pandèmia, la pèrdua de l&amp;apos;experiència client, l&amp;apos;auge del delivery i take away juntament amb l&amp;apos;adveniment de la sostenibilitat i el social caring han motivat aquest treball. Mitjançant l&amp;apos;anàlisi de l&amp;apos;entorn i la metodologia Design Thinking s&amp;apos;ha desenvolupat el model de negoci que respon a l&amp;apos;entorn descrit. We Design Eat neix com una empresa social de packaging sostenible i customitzable per a realitzar el take away i/o delivery dels restaurants amb renom de Catalunya amb el principal objectiu de reduir els impactes mediambientals del packaging i millorar l&amp;apos;experiència del consumidor final.</subfield>
   </datafield>
   <datafield ind2=" " ind1=" " tag="520">
      <subfield code="a">La afectación de la pandemia, la pérdida de la experiencia cliente, el auge del delivery y take away junto con el advenimiento de la sostenibilidad y el social caring han motivado este trabajo. Mediante el análisis del entorno y la metodología Design Thinking se ha desarrollo el modelo de negocio que responde al entorno descrito. We Design Eat nace como una empresa social de packaging sostenible y customizable para realizar el take away y/o delivery de los restaurantes con renombre de Cataluña con el principal objetivo de reducir los impactos medioambientales del packaging y mejorar la experiencia del consumidor final.</subfield>
   </datafield>
   <datafield ind2=" " ind1=" " tag="520">
      <subfield code="a">The pandemic impact, the lack of customer experience, the rise of delivery and take away together with sustainability and social caring have motivated this project. Through an environmental analysis and the Design Thinking methodology, a business model has been developed that responds to the described environment. We Design Eat was born as a social enterprise of sustainable and customisable packaging for take away and/or delivery of renowned restaurants in Catalonia with the main objective of reducing the environmental impact of packaging and improving the experience of the consumer.</subfield>
   </datafield>
   <datafield tag="653" ind2=" " ind1=" ">
      <subfield code="a">Treball de fi de grau – Curs 2020-2021</subfield>
   </datafield>
   <datafield tag="653" ind2=" " ind1=" ">
      <subfield code="a">Packaging</subfield>
   </datafield>
   <datafield tag="653" ind2=" " ind1=" ">
      <subfield code="a">Social</subfield>
   </datafield>
   <datafield tag="653" ind2=" " ind1=" ">
      <subfield code="a">Sostenible</subfield>
   </datafield>
   <datafield tag="653" ind2=" " ind1=" ">
      <subfield code="a">Customitzable</subfield>
   </datafield>
   <datafield tag="653" ind2=" " ind1=" ">
      <subfield code="a">Take away</subfield>
   </datafield>
   <datafield tag="653" ind2=" " ind1=" ">
      <subfield code="a">Delivery</subfield>
   </datafield>
   <datafield tag="653" ind2=" " ind1=" ">
      <subfield code="a">Customizable</subfield>
   </datafield>
   <datafield tag="653" ind2=" " ind1=" ">
      <subfield code="a">Sustainable</subfield>
   </datafield>
   <datafield ind2="0" ind1="0" tag="245">
      <subfield code="a">Plan de empresa de packaging para restaurantes de prestigio: social y sostenible</subfield>
   </datafield>
</record></metadata></record></GetRecord></OAI-PMH>